| 000 | 00882nam a2200253 a 4500 | ||
|---|---|---|---|
| 001 | 51725 | ||
| 003 | BD-RjUL | ||
| 005 | 20211209075714.0 | ||
| 008 | 160901s1959 maua b 001 0 eng | ||
| 035 | _a(BD-RjUL) 51845 | ||
| 040 |
_aDLC/ICU _cICU _dDLC _dBD-RjUL _beng |
||
| 041 | _aeng | ||
| 082 | 0 | 0 |
_a519.7 _223 _bDEM 1959 |
| 100 | 1 |
_aDennis, Jack B. _q(Jack Bonnell) _9154653 |
|
| 245 | 1 | 0 |
_aMathematical programming and electrical networks / _cJack B. Dennis |
| 260 |
_aCambridge : _bTechnology Press of the Massachusetts Institute of Technology, _cc1959 |
||
| 300 |
_a186 p. : _bill. ; _c24 cm. |
||
| 490 | _aTechnology Press research monographs | ||
| 504 | _aIncludes bibliography and index. | ||
| 650 | 0 |
_aProgramming (Mathematics) _9151288 |
|
| 650 | 0 |
_aElectromechanical analogies. _9154654 |
|
| 830 |
_aTechnology Press research monographs _9154655 |
||
| 942 |
_2ddc _cBK |
||
| 999 |
_c51725 _d51725 |
||